Gaming Quiz

Random Gaming or Video Games Quiz

Name Every Pokémon Quiz Stats

 Plays Quiz Retired Jun 23, 2021

Support Sporcle.
Go Orange.
Score 0/300 Timer 20:00
34 Plays Today
% Correct
Bulbasaur Ivysaur Venusaur Charmander Charmeleon Charizard Squirtle Wartortle Blastoise
94.8%
Pichu Pikachu Raichu
89.6%
Caterpie Metapod Butterfree Weedle Kakuna Beedrill
84%
Mew Mewtwo
82.6%
Pidgey Pidgeotto Pidgeot
82.2%
Eevee Vaporeon Jolteon Flareon Espeon Umbreon Leafeon Glaceon Sylveon
78.8%
Articuno Zapdos Moltres
78.3%
Chikorita Bayleef Meganium Cyndaquil Quilava Typhlosion Totodile Croconaw Feraligatr
76.3%
Rattata Raticate
76.3%
Dratini Dragonair Dragonite
75.3%
Treecko Grovyle Sceptile Torchic Combusken Blaziken Mudkip Marshtomp Swampert
74.8%
Spearow Fearow Ekans Arbok
74.4%
Gastly Haunter Gengar
73.9%
Geodude Graveler Golem
73.9%
Magikarp Gyarados
72.6%
Turtwig Grotle Torterra Chimchar Monferno Infernape Piplup Prinplup Empoleon
72.2%
Onix Steelix Drowzee Hypno
72.1%
Lapras Ditto
71.1%
Igglybuff Jigglypuff Wigglytuff
70.9%
Lugia Ho-oh Celebi
70.3%
Abra Kadabra Alakazam
70.3%
Magby Magmar Magmortar
69.3%
Oddish Gloom Vileplume Bellossom
69.1%
Zubat Golbat Crobat
69.1%
Munchlax Snorlax
69.1%
Nidoran♀ Nidorina Nidoqueen Nidoran♂ Nidorino Nidoking
68.8%
Elekid Electabuzz Electivire
68.8%
Vulpix Ninetales
68.7%
Machop Machoke Machamp
68.6%
Cleffa Clefairy Clefable
68.2%
Meowth Persian Perrserker
67.9%
Growlithe Arcanine
67.9%
Snivy Servine Serperior Tepig Pignite Emboar Oshawott Dewott Samurott
67.1%
Scyther Scizor Smoochum Jynx
66.2%
Sandshrew Sandslash
66.1%
Pinsir Tauros
65.8%
Kyogre Groudon Rayquaza
65.7%
Magnemite Magneton Magnezone
64.3%
Bellsprout Weepinbell Victreebel
64.3%
Tyrogue Hitmonlee Hitmonchan Hitmontop
63.8%
Koffing Weezing
63.7%
Voltorb Electrode
63.5%
Kabuto Kabutops
63.5%
Goldeen Seaking Staryu Starmie
63.5%
Diglett Dugtrio
63.2%
Happiny Chansey Blissey
63%
Ponyta Rapidash
63%
Raikou Entei Suicune
62.7%
Chespin Quilladin Chesnaught Fennekin Braixen Delphox Froakie Frogadier Greninja
62.6%
Seel Dewgong Grimer Muk
62.3%
Poliwag Poliwhirl Poliwrath Politoed
62.1%
Omanyte Omastar
61.3%
Mime Jr. Mr. Mime Mr. Rime
60.8%
Dialga Palkia Giratina
60.6%
Aerodactyl
60.6%
Horsea Seadra Kingdra
59.9%
Rhyhorn Rhydon Rhyperior
59.2%
Mankey Primeape
59.1%
Sentret Furret Hoothoot Noctowl
58.9%
Grookey Thwackey Rillaboom Scorbunny Raboot Cinderace Sobble Drizzile Inteleon
58.6%
Psyduck Golduck
58.1%
Slowpoke Slowbro Slowking
58%
Porygon Porygon2 Porygon-Z
57.5%
Larvitar Pupitar Tyranitar
56.8%
Tangela Tangrowth Kangaskhan
56.6%
Paras Parasect Venonat Venomoth
56.6%
Tentacool Tentacruel
56.5%
Jirachi Deoxys
56.2%
Ralts Kirlia Gardevoir Gallade
56.2%
Litten Torracat Incineroar
55.4%
Regirock Regice Registeel Regigigas
55.3%
Shaymin Arceus Victini
55.2%
Zigzagoon Linoone Obstagoon
55.1%
Heatran Cresselia Darkrai
55%
Wurmple Silcoon Beautifly Cascoon Dustox
54.9%
Shellder Cloyster
54.6%
Cubone Marowak
54.5%
Farfetch'd Sirfetch'd Doduo Dodrio
53.9%
Starly Staravia Staraptor
53.8%
Skarmory Houndour Houndoom
53.6%
Bagon Shelgon Salamence
53.5%
Rowlet Dartrix Decidueye
53.3%
Togepi Togetic Togekiss
53.2%
Krabby Kingler
53.1%
Xerneas Yveltal Zygarde
52.7%
Stantler Smeargle Miltank
52.5%
Reshiram Zekrom Kyurem
52.2%
Beldum Metang Metagross
52.1%
Exeggcute Exeggutor
51.2%
Mareep Flaaffy Ampharos
51.2%
Riolu Lucario
50.8%
Latias Latios
50.6%
Taillow Swellow
50.3%
Qwilfish Shuckle Heracross
50.3%
Poochyena Mightyena
49.9%
Ledyba Ledian Spinarak Ariados
49.6%
Murkrow Honchkrow Misdreavus Mismagius
49.2%
Popplio Brionne Primarina
48.8%
Lickitung Lickilicky
48.7%
Gible Gabite Garchomp
48.5%
% Correct
Unown Wynaut Wobbuffet
48.3%
Absol Snorunt Glalie Froslass
47.9%
Trapinch Vibrava Flygon
47.8%
Feebas Milotic
47.6%
Yanma Yanmega Wooper Quagsire
47.5%
Bidoof Bibarel
47.5%
Numel Camerupt Torkoal
47.2%
Shinx Luxio Luxray
47.1%
Wailmer Wailord
47%
Uxie Mesprit Azelf
47%
Azurill Marill Azumarill
46.9%
Lotad Lombre Ludicolo
46.7%
Wingull Pelipper
46.4%
Budew Roselia Roserade
46.3%
Bonsly Sudowoodo
46.1%
Electrike Manectric Plusle Minun
46%
Fletchling Fletchinder Talonflame
46%
Zacian Zamazenta Eternatus
45.4%
Seedot Nuzleaf Shiftry
45.2%
Sneasel Weavile
45.1%
Swinub Piloswine Mamoswine
45%
Duskull Dusclops Dusknoir
44.9%
Keldeo Meloetta Genesect
44.8%
Corsola Cursola Remoraid Octillery
44.7%
Aipom Ambipom Sunkern Sunflora
44.7%
Aron Lairon Aggron
44.6%
Relicanth Luvdisc
44.2%
Zangoose Seviper
44.1%
Delibird Mantyke Mantine
44.1%
Snover Abomasnow Rotom
43.9%
Sableye Mawile
43.7%
Carvanha Sharpedo
43.6%
Diancie Hoopa Volcanion
43.5%
Swablu Altaria
43.3%
Pidove Tranquill Unfezant
43.3%
Pachirisu Buizel Floatzel
42.9%
Lileep Cradily Anorith Armaldo
42.8%
Natu Xatu
42.6%
Girafarig Pineco Forretress
42.6%
Chinchou Lanturn
42.6%
Teddiursa Ursaring
42.5%
Dunsparce Gligar Gliscor
42.4%
Slugma Magcargo
42.3%
Makuhita Hariyama
42.2%
Hoppip Skiploom Jumpluff
42.1%
Shuppet Banette
42.1%
Spheal Sealeo Walrein
42%
Cosmog Cosmoem Solgaleo Lunala
41.8%
Pansage Simisage Pansear Simisear Panpour Simipour
41.8%
Skitty Delcatty
41.6%
Slakoth Vigoroth Slaking
41.4%
Nihilego Buzzwole Pheromosa
41.3%
Tropius Chingling Chimecho
41.2%
Lunatone Solrock
40.8%
Lillipup Herdier Stoutland
40.6%
Hawlucha Dedenne Carbink
40.6%
Phione Manaphy
40.6%
Cranidos Rampardos
40.4%
Phanpy Donphan
40.1%
Cobalion Terrakion Virizion
40.1%
Clamperl Huntail Gorebyss
40%
Axew Fraxure Haxorus
40%
Cacnea Cacturne
39.7%
Nosepass Probopass
39.7%
Whismur Loudred Exploud
39.6%
Shieldon Bastiodon
39.3%
Tornadus Thundurus Landorus
39.3%
Nincada Ninjask Shedinja
39.2%
Deino Zweilous Hydreigon
39%
Goomy Sliggoo Goodra Klefki
39%
Patrat Watchog
39%
Meditite Medicham
38.7%
Skwovet Greedent Rookidee Corvisquire Corviknight
38.6%
Spoink Grumpig Spinda
38.5%
Surskit Masquerain Shroomish Breloom
38.3%
Guzzlord Necrozma Magearna Marshadow
38.3%
Buneary Lopunny
37.8%
Litleo Pyroar
37.7%
Castform Kecleon
37.6%
Deerling Sawsbuck Emolga
37%
Bunnelby Diggersby
36.9%
Purrloin Liepard
36.9%
Chatot Spiritomb
36.9%
Burmy Wormadam Mothim
36.8%
Glameow Purugly
36.7%
Croagunk Toxicroak Carnivine
36.7%
Volbeat Illumise
36.3%
Combee Vespiquen
36.2%
Scatterbug Spewpa Vivillon
36.2%
Litwick Lampent Chandelure
36.2%
Cubchoo Beartic Cryogonal
36.1%
Sandile Krokorok Krookodile
35.9%
Pikipek Trumbeak Toucannon
35.9%
Drilbur Excadrill Audino
35.8%
Tyrunt Tyrantrum Amaura Aurorus
35.8%
Snubbull Granbull
35.7%
Corphish Crawdaunt
35.7%
Roggenrola Boldore Gigalith
35.3%
Kubfu Urshifu Zarude
35.2%
Blitzle Zebstrika
35.2%
% Correct
Wooloo Dubwool Chewtle Drednaw
35.2%
Baltoy Claydol
35%
Honedge Doublade Aegislash
34.8%
Yamask Cofagrigus Runerigus
34.8%
Poipole Naganadel Stakataka Blacephalon
34.6%
Zeraora Meltan Melmetal
34.6%
Xurkitree Celesteela Kartana
34.6%
Togedemaru Mimikyu Bruxish
34.4%
Throh Sawk
34.2%
Sewaddle Swadloon Leavanny
34.2%
Gulpin Swalot
33.8%
Drifloon Drifblim
33.7%
Barboach Whiscash
33.6%
Shellos Gastrodon
33.3%
Woobat Swoobat
33.3%
Drampa Dhelmise
33.1%
Flabébé Floette Florges
33.1%
Kricketot Kricketune
33%
Klink Klang Klinklang
33%
Timburr Gurdurr Conkeldurr
32.8%
Trubbish Garbodor
32.8%
Tapu Koko Tapu Lele Tapu Bulu Tapu Fini
32.7%
Bronzor Bronzong
32.7%
Phantump Trevenant Pumpkaboo Gourgeist
32.6%
Tympole Palpitoad Seismitoad
32.6%
Vanillite Vanillish Vanilluxe
32.5%
Duraludon Dreepy Drakloak Dragapult
32.3%
Rufflet Braviary Vullaby Mandibuzz
32.3%
Skiddo Gogoat Pancham Pangoro
32.2%
Venipede Whirlipede Scolipede
32.1%
Frillish Jellicent Alomomola
32.1%
Munna Musharna
32%
Heatmor Durant
31.9%
Zorua Zoroark
31.8%
Stunky Skuntank
31.8%
Rockruff Lycanroc
31.8%
Joltik Galvantula
31.7%
Tirtouga Carracosta Archen Archeops
31.2%
Petilil Lilligant Basculin
31.2%
Wishiwashi Mareanie Toxapex
31.2%
Pawniard Bisharp Bouffalant
31.1%
Cherubi Cherrim
30.8%
Skorupi Drapion
30.8%
Darumaka Darmanitan
30.7%
Larvesta Volcarona
30.7%
Bergmite Avalugg Noibat Noivern
30.7%
Grubbin Charjabug Vikavolt
30.6%
Gothita Gothorita Gothitelle
30.5%
Hippopotas Hippowdon
30.4%
Furfrou Espurr Meowstic
30.4%
Yungoos Gumshoos
30.2%
Tynamo Eelektrik Eelektross
30.1%
Shelmet Accelgor Stunfisk
29.8%
Finneon Lumineon
29.7%
Ducklett Swanna
29.7%
Solosis Duosion Reuniclus
29.6%
Maractus Dwebble Crustle
29.6%
Scraggy Scrafty Sigilyph
29.6%
Spritzee Aromatisse Swirlix Slurpuff
29.4%
Skrelp Dragalge Clauncher Clawitzer
29.4%
Mienfoo Mienshao Druddigon
29.4%
Cottonee Whimsicott
29.1%
Inkay Malamar Binacle Barbaracle
29.1%
Jangmo-o Hakamo-o Kommo-o
28.6%
Stonjourner Eiscue Indeedee Morpeko
27.9%
Golett Golurk
27.9%
Oricorio Cutiefly Ribombee
27.9%
Pyukumuku Type: Null Silvally
27.8%
Yamper Boltund
27.7%
Helioptile Heliolisk
26.7%
Stufful Bewear Bounsweet
26.5%
Oranguru Passimian Wimpod
26.4%
Ferroseed Ferrothorn
26.2%
Karrablast Escavalier
25.9%
Arrokuda Barraskewda Toxel Toxtricity
25.8%
Mudbray Mudsdale
25.7%
Steenee Tsareena Comfey
25.7%
Minior Komala Turtonator
25.5%
Salandit Salazzle
25.4%
Nickit Thievul Gossifluer Eldegoss
25.3%
Pincurchin Snom Frosmoth
25.2%
Impidimp Morgrem Grimmsnarl
24.5%
Sizzlipede Centiskorch Clobbopus Grapploct
24.4%
Dracozolt Arctozolt Dracovish Arctovish
24.4%
Blipbug Dottler Orbeetle
24.4%
Golisopod Sandygast Palossand
24.2%
Foongus Amoonguss
24.1%
Milcery Alcremie Falinks
23.8%
Rolycoly Carkol Coalossal
23.8%
Minccino Cinccino
23.1%
Dewpider Araquanid
23%
Crabrawler Crabominable
22.8%
Fomantis Lurantis
22.4%
Hatenna Hattrem Hatterene
22%
Silicobra Sandaconda Cramorant
21.2%
Elgyem Beheeyem
21.2%
Applin Flapple Appletun
21.1%
Cufant Copperajah
18.9%
Sinistea Polteageist
18.9%
Morelull Shiinotic
18.8%

From the Vault

Gimme Five: Countries

by BanjoZebra

Don't leave us hanging.
Remove Ads.
Support Sporcle.
Get the best of Sporcle when you Go Orange. This ad-free experience offers more features, more stats, and more fun while also helping to support Sporcle. Thank you for becoming a member.

Show Comments

Extras

Top Quizzes Today


Score Distribution

Your Account Isn't Verified!

In order to create a playlist on Sporcle, you need to verify the email address you used during registration. Go to your Sporcle Settings to finish the process.

Report this User

Report this user for behavior that violates our Community Guidelines.

Details: